|
|
|
|
| LEADER |
00000nab a2200000uu 4500 |
| 001 |
vtls010897691 |
| 003 |
SK-MaSNL |
| 005 |
20260305005845.0 |
| 008 |
230121|1957 xo |||||||||||||||||slo| |
| 015 |
|
|
|a SNBRB
|
| 035 |
|
|
|a (urnnbn)urn:nbn:sk:snk:ar-006ngi
|
| 035 |
|
|
|a (uuid)1779a9b5-6b72-4f15-822b-76469d8553df
|
| 035 |
|
|
|a urn:nbn:sk:snk-ab8q21
|
| 040 |
|
|
|a SNKBUCL
|b slo
|c SNKBUCL
|e AACR2
|
| 041 |
0 |
|
|a slo
|
| 044 |
|
|
|a xo
|c SK
|
| 100 |
1 |
|
|a Kolibiarová, Blanka,
|d 1924-2018
|4 aut
|9 208307
|
| 245 |
1 |
0 |
|a O POLOGRUPÁCH, KTORÝCH KAŽDÁ ČIASTOČNÁ POLOGRUPA MÁ ĽAVÚ JEDNOTKU
|c Blanka Kolibiarová
|
| 773 |
0 |
|
|t Matematicko-fyzikálny časopis
|g Roč. 7, č. 3 (1957), s. 177-182
|
| 954 |
|
|
|a odborná, vedecká literatúra pôvodná (slovenská)
|2 lita
|
| 958 |
|
|
|a OND
|
| 958 |
|
|
|a EUIPO
|
| 958 |
|
|
|a article10
|
| 999 |
|
|
|c 3242994
|d 3244924
|